000 00931nam a2200277Ia 4500
005 20220317001536.0
008 161108s2007 s g 000 0 s
020 _a9788449319587
082 0 4 _a940.1
_bD81e
100 1 _aDuby, Georges
_d1919-1996
245 1 0 _aEuropa en la Edad Media
_cGeorges Duby ; traducción de Luis Monreal y Tejada
250 _a1a. edición
300 _a224 páginas
_c21 cm
490 _aBolsillo
534 _tL'Eurepo au Moyen Age. Art roman, art gothique
650 1 4 _2LEMB
_aArte
_vHistoria
_vEdad media
650 1 4 _2LEMB
_aEdad media
_vVida social y costumbres
650 1 4 _2LEMB
_aÉpoca medieval
_vVida social y costumbres
700 1 _aMonreal Tejada, Luis
_975429
942 _2ddc
_cBK
264 _aBarcelona
_bPaidós
_c2007
336 _atexto
_btxt
_2rdacontent
337 _asin mediación
_bn
_2rdamedia
338 _avolumen
_bnc
_2rdacarrier
040 _aCO-BoRNBP
_bspa
_erda
_cCO-BoRNBP
999 _c7304
_d7304